| 000 | 00493nam a2200193Ia 4500 | ||
|---|---|---|---|
| 005 | 20140402135930.0 | ||
| 008 | 140130s9999 xx 000 0 und d | ||
| 020 | _a0439823196 | ||
| 050 |
_aPS 3563.Y48 _b.M996 2005 |
||
| 100 |
_aMyers, Walter Dean _922894 |
||
| 245 |
_cWalter Dean Myers. _aBad boy : _ba memoir / |
||
| 260 |
_bScholastic, _c2005. _aUSA : |
||
| 300 |
_a206 p. : _c20 cm. |
||
| 440 |
_v1 _931174 |
||
| 521 | _aG8 | ||
| 526 | _c970 | ||
| 942 |
_cBK _2lcc |
||
| 999 |
_c41312 _d41312 |
||